Organic Chemistry - Heteroatoms - Statistics

General Stats
  • This quiz has been taken 3 times
  • The average score is 24 of 46
Answer Stats
Answer % Correct
Fluorine
100%
Antimony
67%
arsa
67%
Arsenic
67%
bisma
67%
Bismuth
67%
broma
67%
Bromine
67%
chlora
67%
Chlorine
67%
fluora
67%
ioda
67%
Iodine
67%
Nitrogen
67%
oxa
67%
Oxygen
67%
phospha
67%
Phosphorus
67%
selena
67%
Selenium
67%
stiba
67%
Sulfur
67%
tellura
67%
Tellurium
67%
thia
67%
aluma
33%
Aluminium
33%
aza
33%
bora
33%
Boron
33%
galla
33%
Gallium
33%
germa
33%
Germanium
33%
indiga
33%
Indium
33%
Lead
33%
mercura
33%
Mercury
33%
plumba
33%
sila
33%
Silicon
33%
thalla
33%
Thallium
33%
Tin
33%
stanna
0%
No matching quizzes found
Score Distribution
Percent of People with Each Score
Percentile by Number Answered
Your Score History
You have not taken this quiz